000 005150000a22001810004500
003 LK-CoMWRAF
005 20240212220752.0
008 230817t2004 ||||| |||| 00| 0 eng d
040 _aLK-CoMWRAF
_dLK-CoMWRAF
_eLK-CoMWRAF
041 _aeng
082 _bNAD
100 _aNadeem, Khurshid Ahmad
245 _aFamily and Individual :
_bThe Islamic perspective
260 _aIslamabad :
_bOrganization for research and education,
_c2004
300 _a84 p.
490 _aIssues on Muslim society III
942 _cBK
999 _c1230
_d1230